[Event "FRA-chT 0102 U18"]
[Site "France"]
[Date "2002.05.10"]
[Round "11.9"]
[White "Viville, Simon"]
[Black "Apra, Benjamin"]
[Result "1-0"]
[WhiteElo "1400"]
[BlackElo "1290"]
[PlyCount "45"]
[EventDate "2001.10.??"]
[EventType "team"]
[EventRounds "11"]
[EventCountry "FRA"]
[SourceTitle "EXT 2003"]
[Source "ChessBase"]
[SourceDate "2002.11.25"]
[SourceVersion "1"]
[SourceVersionDate "2002.11.25"]
[SourceQuality "1"]
[WhiteTeam "Bischwiller"]
[BlackTeam "Neuilly"]
[WhiteTeamCountry "FRA"]
[BlackTeamCountry "FRA"]

1. e4 e5 2. Nf3 Nc6 3. Bc4 Bc5 4. c3 Nf6 5. d4 exd4 6. cxd4 Bb6 7. e5 Qe7 8. 0-0 Ne4 9. Bd5 d6 10. exd6 Qxd6 11. Bxe4 Nxd4 12. Nxd4 Qe5 13. Nf3 Qe6 14. Re1 Ba5 15. Bc6+ bxc6 16. Rxe6+ fxe6 17. Nc3 0-0 18. Qd3 Bb7 19. Ng5 g6 20. Nxe6 Rfe8 21. Qd7 Rxe6 22. Qxe6+ Kf8 23. Bh6# 1-0